Áreas de arrecifes de coral, pastos marinos, playas de arena y manglares con potencial de restauración en Colombia (Registro nro. 17474)
[ vista simple ]
| 000 -CABECERA | |
|---|---|
| Campo de control | 01086nam a22002537a 4500 |
| 005 - FECHA Y HORA DE LA ULTIMA TRANSACCION | |
| Campo de control | 20160213020003.0 |
| 008 - ELEMENTOS DE LONGITUD FIJA—INFORMACION GENERAL | |
| Campo de control | 150624b2015 ck ||||| |||| 00| 0 spa d |
| 020 ## - ISBN | |
| ISBN | 979588848954 |
| 040 ## - FUENTE DE CATALOGACIÓN | |
| Agencia catalogadora original | CO-BoIAVH |
| Agencia transcriptora | CO-BoIAVH |
| 041 0# - IDIOMA | |
| Código de idioma para texto/pista de sonido o título separado | Español |
| 044 ## - PAÍS DE PUBLICACIÓN | |
| País de publicación | Colombia |
| 082 #4 - NUMERO DE CLASIFICACION DECIMAL DEWEY | |
| Número de clasificación | 577.7 |
| Número del ítem | G56a |
| 100 1# - ASIENTO PRINCIPAL--NOMBRE PERSONAL | |
| Nombre personal | Gómez-Cubillos, Martha Catalina |
| 245 1# - MENCION DE TITULO | |
| Título | Áreas de arrecifes de coral, pastos marinos, playas de arena y manglares con potencial de restauración en Colombia |
| Mención de responsabilidad | Gómez-Cubillos, Martha Catalina... [et. al.] |
| 260 3# - PUBLICACION, DISTRIBUCION, ETC. (PIE DE IMPRENTA) | |
| Lugar de publicación, distribución, etc. | Santa Marta: |
| Nombre del editor, distribuidor, etc. | Invemar, |
| Fecha de publicación, distribución, etc. | 2015. |
| 300 ## - DESCRIPCION FISICA | |
| Extensión | 69 p. |
| Otros detalles físicos | map., fot., col., il., graf. |
| Dimensiones | 28 cm. |
| 490 ## - MENCION DE SERIE | |
| Mención de serie | Serie de publicaciones generales invemar |
| Designación numérica/secuencial del volumen | 69 |
| 504 ## - NOTA DE BIBLIOGRAFIA, ETC. | |
| Nota de bibliografía | Incluye bibliografía p. 66-67. |
| 505 ## - NOTA DE CONTENIDO | |
| Nota de contenido | Pt. 1 Presentación.<br/>Pt. 2 Agradecimientos.<br/>Pt. 3 Introducción.<br/>Pt. 4 Metodología.<br/>Pt. 5 Resultados.<br/>Pt. 6 Bibliografía. |
| 650 #4 - ASIENTO SECUNDARIO DE MATERIA - TERMINO TEMATICO | |
| Término temático o nombre geográfico como elemento de entrada | Arrecifes de coral |
| Subdivisión general | Restauración |
| Subdivisión geográfica | Colombia |
| 650 #4 - ASIENTO SECUNDARIO DE MATERIA - TERMINO TEMATICO | |
| Término temático o nombre geográfico como elemento de entrada | Pastos marinos |
| Subdivisión general | Restauración |
| Subdivisión geográfica | Colombia |
| 650 #4 - ASIENTO SECUNDARIO DE MATERIA - TERMINO TEMATICO | |
| Término temático o nombre geográfico como elemento de entrada | Playas de arena |
| Subdivisión general | Restauración |
| Subdivisión geográfica | Colombia |
| 942 ## - ELEMENTOS ADICIONALES (KOHA) | |
| Sistema de clasificación | Dewey Decimal Classification |
| Tipo de ítem | Libro |
| Koha issues (borrowed), all copies | 1 |
| Withdrawn status | Lost status | Sistema de Clasificación | Damaged status | No para préstamo | Colección | Inventariado | Ubicación Permanente | Ubicación actual | Fecha de adquisición | Fuente de Valor | Valor | Total Checkouts | Número topográfico | Inventario / Código de Barras | Date last seen | Date checked out | Ejemplar | Price effective from | Forma de adquisición | Tipo de material | Public note |
|---|---|---|---|---|---|---|---|---|---|---|---|---|---|---|---|---|---|---|---|---|---|
| Dewey Decimal Classification | General | Inventariado 2017 | Bogotá | Bogotá | 24/06/2015 | Instituto | 39000.00 | 1 | LB-577.7 G56a | 039091 | 12/02/2016 | 12/02/2016 | Ej. 1 | 24/06/2015 | Libro | Incluye CD-ROM con Anexos (Cod. 039092). | |||||
| Dewey Decimal Classification | General | Inventariado 2017 | Sala Fabio Quevedo | Sala Fabio Quevedo | 17/06/2016 | Instituto | 39000.00 | LB-577.7 G56a | 040465 | 17/06/2016 | Ej. 2 | 17/06/2016 | Donación | Libro | Incluye CD-ROM con Anexos (CID-040466). |